Every Player With 2000 Scrimmage Yards - Statistics

General Stats
  • This quiz has been taken 12 times
  • The average score is 52 of 74
Answer Stats
Position (Year) Team Yards Answer % Correct
RB (2020) Titans 2,141 Derrick Henry
100%
RB (2024) Ravens 2,114 Derrick Henry
100%
RB (2024) Eagles 2,283 Saquon Barkley
100%
RB (2018) Giants 2,031 Saquon Barkley
100%
RB (2019) Panthers 2,392 Christian McCaffrey
91%
RB (2023) 49ers 2,023 Christian McCaffrey
91%
RB (1995) Cowboys 2,148 Emmitt Smith
91%
RB (1992) Cowboys 2,048 Emmitt Smith
91%
RB (1975) Bills 2,243 O.J. Simpson
91%
RB (1973) Bills 2,073 O.J. Simpson
91%
RB (1997) Lions 2,358 Barry Sanders
82%
RB (1994) Lions 2,166 Barry Sanders
82%
RB (2009) Titans 2,509 Chris Johnson
82%
RB (2016) Cardinals 2,118 David Johnson
82%
RB (2018) Cowboys 2,001 Ezekiel Elliott
82%
RB (2022) Raiders 2,053 Josh Jacobs
82%
RB (2003) Chargers 2,370 LaDainian Tomlinson
82%
RB (2006) Chargers 2,323 LaDainian Tomlinson
82%
RB (2002) Chargers 2,172 LaDainian Tomlinson
82%
RB (2006) Chiefs 2,199 Larry Johnson
82%
RB (2005) Chiefs 2,093 Larry Johnson
82%
RB (2006) Rams 2,334 Steve Jackson
82%
RB (2017) Rams 2,093 Todd Gurley
82%
RB (2012) Vikings 2,314 Adrian Peterson
73%
RB (2010) Texans 2,220 Arian Foster
73%
RB (1992) Steelers 2,034 Barry Foster
73%
RB (2000) Colts 2,303 Edgerrin James
73%
RB (1999) Colts 2,139 Edgerrin James
73%
RB (2004) Colts 2,034 Edgerrin James
73%
RB (1984) Rams 2,244 Eric Dickerson
73%
RB (1983) Rams 2,212 Eric Dickerson
73%
RB (1988) Rams 2,036 Eric Dickerson
73%
RB (1986) Rams 2,026 Eric Dickerson
73%
RB (2003) Ravens 2,271 Jamal Lewis
73%
RB (2021) Colts 2,171 Jonathan Taylor
73%
RB (2013) Eagles 2,146 LeSean McCoy
73%
RB (1999) Rams 2,429 Marshall Faulk
73%
RB (1998) Colts 2,227 Marshall Faulk
73%
RB (2000) Rams 2,189 Marshall Faulk
73%
RB (2001) Rams 2,147 Marshall Faulk
73%
RB (2011) Ravens 2,068 Ray Rice
73%
RB (2009) Ravens 2,041 Ray Rice
73%
RB (1992) Bills 2,113 Thurman Thomas
73%
RB (1991) Bills 2,038 Thurman Thomas
73%
RB (2005) Giants 2,390 Tiki Barber
73%
RB (2006) Giants 2,127 Tiki Barber
73%
RB (2004) Giants 2,096 Tiki Barber
73%
RB (1977) Bears 2,121 Walter Payton
73%
RB (1984) Bears 2,052 Walter Payton
73%
RB (1985) Bears 2,034 Walter Payton
73%
RB (1983) Bears 2,028 Walter Payton
73%
RB (2003) Packers 2,250 Ahman Green
64%
FB (1963) Brown 2,131 Jim Brown
64%
RB (2014) Steelers 2,215 Le'Veon Bell
64%
RB (1985) Raiders 2,314 Marcus Allen
64%
RB (2002) Chiefs 2,287 Preist Holmes
64%
RB (2001) Chiefs 2,169 Priest Holmes
64%
RB (2003) Chiefs 2,110 Priest Holmes
64%
FB (1985) 49ers 2,066 Roger Craig
64%
RB (1988) 49ers 2,036 Roger Craig
64%
RB (1998) Broncos 2,225 Terrell Davis
64%
RB (1997) Broncos 2,037 Terrell Davis
64%
RB (2014) Cowboys 2,261 DeMarco Murray
55%
RB (2006) 49ers 2,180 Frank Gore
55%
RB (1998) Falcons 2,165 Jamal Anderson
55%
RB (2003) Saints 2,157 Deuce McAllister
45%
RB (1988) Cowboys 2,019 Herschel Walker
45%
RB (2002) Dolphins 2,216 Ricky Williams
45%
RB (2007) Eagles 2,104 Brian Westbrook
36%
RB (1998) 49ers 2,105 Garrison Hearst
36%
RB (1979) Eagles 2,006 Wilbert Montgomery
36%
RB (1984) Buccaneers 2,229 James Wilder
18%
RB (1983) Falcons 2,176 William Andrews
18%
FB (1981) Falcons 2,036 William Andrews
18%
No matching quizzes found
Score Distribution
Percent of People with Each Score
Percentile by Number Answered
Your Score History
You have not taken this quiz